Effect of organic mulchs on cowpea ta royal university of agriculture's crop station,(ឥទ្ធិពលគំរបធម្មជាតិទៅលើដំណាំសណ្ដែកអង្គុយនៅស្ថានីយ៍ដំណាំ នៃសាកលវិទ្យាល័យភូមិន្ទកសិកម្ម) (Record no. 1132)
[ view plain ]
| 000 -LEADER | |
|---|---|
| fixed length control field | 00710nam a22001577a 4500 |
| 003 - CONTROL NUMBER IDENTIFIER | |
| control field | OSt |
| 005 - DATE AND TIME OF LATEST TRANSACTION | |
| control field | 20150923142059.0 |
| 008 - FIXED-LENGTH DATA ELEMENTS--GENERAL INFORMATION | |
| fixed length control field | 150923b xxu||||| |||| 00| 0 eng d |
| 040 ## - CATALOGING SOURCE | |
| Transcribing agency | RUA |
| 082 ## - DEWEY DECIMAL CLASSIFICATION NUMBER | |
| Classification number | AGR THA 2007 B048 Or.1 |
| 100 ## - MAIN ENTRY--PERSONAL NAME | |
| 9 (RLIN) | 1188 |
| Personal name | THACH CHEAVUTHY |
| 245 ## - TITLE STATEMENT | |
| Title | Effect of organic mulchs on cowpea ta royal university of agriculture's crop station,(ឥទ្ធិពលគំរបធម្មជាតិទៅលើដំណាំសណ្ដែកអង្គុយនៅស្ថានីយ៍ដំណាំ នៃសាកលវិទ្យាល័យភូមិន្ទកសិកម្ម) |
| 260 ## - PUBLICATION, DISTRIBUTION, ETC. (IMPRINT) | |
| Place of publication, distribution, etc. | phnom penh |
| Name of publisher, distributor, etc. | RUA |
| Date of publication, distribution, etc. | 2007 |
| 300 ## - PHYSICAL DESCRIPTION | |
| Extent | xvi, 55p. |
| Dimensions | ill |
| Size of unit | 29cm. |
| 942 ## - ADDED ENTRY ELEMENTS (KOHA) | |
| Source of classification or shelving scheme | |
| Koha item type | AGR |
| Price effective from | Date last seen | Permanent Location | Not for loan | Date acquired | Source of classification or shelving scheme | Koha item type | Lost status | Withdrawn status | Date last checked out | Total Checkouts | Shelving location | Damaged status | Barcode | Current Location | Full call number |
|---|---|---|---|---|---|---|---|---|---|---|---|---|---|---|---|
| 2015-09-23 | 2017-08-03 | Library Block B | 2015-09-23 | AGR | 2017-02-17 | 2 | B048 | RUA002436 | Library Block B | AGR THA 2007 B048 Or.1 | |||||
| 2015-09-23 | 2015-09-23 | Library Block B | 2015-09-23 | AGR | B048 | RUA002161 | Library Block B | AGR THA 2007 B048 Or.2 | |||||||
| 2015-09-23 | 2015-09-23 | Library Block B | 2015-09-23 | AGR | B048 | RUA002575 | Library Block B | AGR THA 2007 B048 Or.3 | |||||||
| 2015-09-23 | 2015-09-23 | Library Block B | 2015-09-23 | AGR | B048 | RUA002641 | Library Block B | AGR THA 2007 B048 Or.4 | |||||||
| 2017-02-17 | 2017-02-17 | Library Block B | 2017-02-17 | AGR | Library Block B | AGR THA 2007 B048 Or.1 |